Extended House of Windsor - Statistics

General Stats
  • This quiz has been taken 9 times
  • The average score is 14 of 18
Answer Stats
Picture Answer % Correct
Andrew Mountbatten-Windsor
100%
Anne, Princess Royal
100%
Prince Edward, Duke of Edinburgh
100%
Prince Edward, Duke of Kent
100%
Prince Harry, Duke of Sussex
100%
Princess Beatrice
100%
Zara Tindall
100%
Peter Phillips
88%
Princess Eugenie
88%
Princess Lilibet of Sussex
88%
Prince Archie of Sussex
75%
Prince Michael of Kent
75%
James, Earl of Wessex
63%
Lady Louise Windsor
63%
Lady Sarah Chatto
63%
David Armstrong-Jones, Earl of Snowdon
50%
Prince Richard, Duke of Gloucester
38%
Princess Alexandra, The Honourable Lady Ogilvy
38%
No matching quizzes found
Score Distribution
Percent of People with Each Score
Percentile by Number Answered
Your Score History
You have not taken this quiz